|
|
|
|
| LEADER |
00000nab a22000001a 4500 |
| 001 |
vtls010307680 |
| 003 |
SK-MaSNL |
| 005 |
20260305021454.0 |
| 008 |
110831d19370718xo |r|p|||| |000 b|slo |
| 015 |
|
|
|a SNBRRBVU1918-1938
|
| 038 |
|
|
|a SNKBUCL
|
| 040 |
|
|
|a SNKBUVU
|b slo
|c SNKBUCL
|e AACR2
|
| 041 |
0 |
|
|a slo
|
| 044 |
|
|
|a xo
|c SK
|
| 080 |
|
|
|a 730.071.1
|2 1997
|
| 080 |
|
|
|a 726.82
|2 1997
|
| 245 |
0 |
0 |
|a Prvý Štefánikov pomník v Čechách
|
| 600 |
1 |
7 |
|a Březa, Rudolf,
|d 1888-1955
|2 MM
|9 147105
|
| 600 |
1 |
7 |
|a Štefánik, Milan Rastislav,
|d 1880-1919
|2 MM
|9 86219
|
| 650 |
0 |
7 |
|a české sochárstvo
|2 MM
|9 3045
|
| 650 |
0 |
7 |
|a pomníky
|2 snkbucl
|9 3013
|
| 650 |
0 |
7 |
|a sochy
|2 snkbucl
|9 29846
|
| 651 |
|
7 |
|a Chrast (Česko)
|2 MM
|9 1598036
|
| 773 |
0 |
|
|t Ľudový chýrnik
|g Roč. 12, č. 29 (18.7.1937), s. 3
|
| 852 |
|
|
|a SNK
|b KIS3GCP
|
| 910 |
|
|
|a snkrbvumm
|
| 958 |
|
|
|a VY
|
| 999 |
|
|
|c 3286151
|d 3288081
|